000 00468nam a22001577a 4500
005 20180731124734.0
008 120214t xxu||||| |||| 00| 0 eng d
020 _a8176357545
_c180.00
035 _aB-220157, B-220156
040 _aDPL
_bENG
100 _aWelberg, Sean
_941991
245 _aCheck point CCSA exam cram 2 /
_cby Sean Walberg
260 _aNew Delhi
_bTechmedia
_c2005p.
300 _axv, 282p.
_c23cms
942 _2ddc
_cEN
_h005.8
_mWAL
999 _c62778
_d62778